| 000 | 01109nam a2200301 i 4500 | ||
|---|---|---|---|
| 001 | 000021462 | ||
| 003 | DO-SdBNP | ||
| 005 | 20251117101315.0 | ||
| 007 | ta | ||
| 008 | 100908s1979 dr a r 000 0 spa d | ||
| 040 |
_aDO-SdBNP _bspa _cBNPHU _erda |
||
| 041 | _aspa | ||
| 082 | 4 |
_a352.48 _bR426p 1979 _222 |
|
| 110 | 1 |
_aRepública Dominicana _bSecretariado Técnico de la Presidencia _bOficina Nacional de Presupuesto _932266 |
|
| 245 | 1 | 0 | _aPresupuestos de ingresos y ley de gastos públicos del Gobierno Central / |
| 260 | _aSanto Domingo : | ||
| 264 |
_bSecretariado Técnico de la Presidencia, _c1979. |
||
| 300 |
_avolumen : _bilustraciones ; _c28 cm. |
||
| 336 |
_atexto _btxt _2rdacontent |
||
| 337 |
_asin mediación _bn _2 rdamedia |
||
| 338 |
_avolumen b) nc _bnc _2rdacarrier |
||
| 590 | _aInventariado, 2018/BT | ||
| 650 | 4 |
_aPresupuesto _zRepública Dominicana _97940 |
|
| 650 | 4 |
_aHacienda pública _zRepública Dominicana _96562 |
|
| 651 | 4 |
_aRepública Dominicana _xGastos Presupuestados Públicos _y1979 _944758 |
|
| 910 | _aValidado. Control de calidad. MMOLINA | ||
| 942 |
_2ddc _cLBS1 |
||
| 999 |
_c20962 _d20962 |
||